[Event "Festival A"]
[Site "Desenzano del Garda ITA"]
[Date "2009.06.11"]
[Round "6"]
[White "Brunello, Marina"]
[Black "Ignacz, Maria"]
[Result "0-1"]
[WhiteElo "2166"]
[BlackElo "2197"]
[PlyCount "23"]
[EventDate "2009.06.06"]

1. e4 c5 2. c3 d5 3. exd5 Qxd5 4. d4 Nf6 5. Nf3 e6 6. Be2 Nc6 7. O-O Be7 8. Be3
cxd4 9. cxd4 O-O 10. Nc3 Qa5 11. Bc1 Bb4 12. Qb3 {...} 0-1

[Event "Festival A"]
[Site "Desenzano del Garda ITA"]
[Date "2009.06.11"]
[Round "6"]
[White "Brunello, Sabino"]
[Black "Rotstein, Arkadij"]
[Result "1/2-1/2"]
[WhiteElo "2477"]
[BlackElo "2526"]
[PlyCount "152"]
[EventDate "2009.06.06"]

1. d4 Nf6 2. c4 e6 3. g3 c5 4. d5 exd5 5. cxd5 d6 6. Nc3 g6 7. Bg2 Bg7 8. Nf3
O-O 9. O-O a6 10. a4 Re8 11. Nd2 Nbd7 12. a5 b5 13. axb6 Nxb6 14. Nb3 Bf5 15.
f3 Nc4 16. e4 Bd7 17. Rf2 a5 18. Bf1 Ne5 19. Nd2 Nh5 20. Be2 f5 21. f4 Ng4 22.
Bxg4 fxg4 23. Re2 Bd4+ 24. Kg2 Nf6 25. Re1 Qc7 26. Ne2 a4 27. Nxd4 cxd4 28. b3
axb3 29. Rxa8 Rxa8 30. Bb2 Qc2 31. Qxc2 bxc2 32. Bxd4 Ra3 33. Bxf6 Rd3 34. Nb3
Rxb3 35. Rc1 Kf7 36. Bd8 Rc3 37. Ba5 Rc4 38. Kf2 Ba4 39. Ke3 Ke7 40. Kd3 Bb3
41. Bd2 Rc7 42. Ra1 Kd7 43. Ra3 Bxd5 44. exd5 c1=Q 45. Bxc1 Rxc1 46. Ra7+ Rc7
47. Ra8 Ke7 48. Rh8 Kf6 49. Re8 Rd7 50. Re6+ Kf5 51. Kc4 Rc7+ 52. Kd3 Ra7 53.
Rxd6 Ra3+ 54. Kd4 Ra4+ 55. Kd3 Ra3+ 56. Kd4 Ra4+ 57. Kc5 Ra2 58. Re6 Rxh2 59.
Re5+ Kf6 60. d6 Rc2+ 61. Kb6 Rd2 62. Kc7 Rc2+ 63. Kd8 Rc3 64. d7 Rxg3 65. Rd5
Ra3 66. Kc7 Ra8 67. d8=Q+ Rxd8 68. Kxd8 h6 69. Kd7 g3 70. Rd3 g5 71. fxg5+ hxg5
72. Rxg3 Kf5 73. Rg1 g4 74. Kd6 Kf4 75. Kd5 g3 76. Kd4 Kf3 1/2-1/2

[Event "Festival A"]
[Site "Desenzano del Garda ITA"]
[Date "2009.06.11"]
[Round "6"]
[White "Bruno, Elio"]
[Black "Tiengo, Davide"]
[Result "0-1"]
[WhiteElo "1696"]
[BlackElo "2070"]
[PlyCount "33"]
[EventDate "2009.06.06"]

1. d4 Nf6 2. c4 e6 3. Nc3 Bb4 4. a3 Bxc3+ 5. bxc3 c5 6. Nf3 Qa5 7. Qc2 Nc6 8.
Bd2 d6 9. g3 O-O 10. Bg2 Qa6 11. d5 Ne5 12. dxe6 Bxe6 13. O-O Bxc4 14. Bf4 Bxe2
15. Rfe1 Bd3 16. Qd1 Rfd8 17. h3 {...} 0-1

[Event "Festival A"]
[Site "Desenzano del Garda ITA"]
[Date "2009.06.11"]
[Round "6"]
[White "Drazic, Sinisa"]
[Black "Shoker, Samy"]
[Result "1/2-1/2"]
[WhiteElo "2533"]
[BlackElo "2404"]
[PlyCount "116"]
[EventDate "2009.06.06"]

1. e4 g6 2. Nf3 Bg7 3. d4 d6 4. c4 Nf6 5. Nc3 O-O 6. Be2 Bg4 7. Be3 Nfd7 8. Nd2
Bxe2 9. Qxe2 c5 10. d5 Qa5 11. O-O Bxc3 12. bxc3 Qxc3 13. Rab1 b6 14. Bh6 Re8
15. Rb3 Qc2 16. a3 Ne5 17. Be3 b5 18. cxb5 Nbd7 19. Rfb1 c4 20. R3b2 Qc3 21.
Ra2 Rec8 22. a4 Nc5 23. h3 Rab8 24. f4 Ned3 25. Nf3 Qf6 26. e5 Qf5 27. Nd4 Qe4
28. Nc6 Nxf4 29. Bxf4 Qxb1+ 30. Kh2 Rb7 31. exd6 exd6 32. Rc2 Nxa4 33. Rxc4 Nb6
34. Re4 Nxd5 35. Bxd6 Nf6 36. Ne7+ Kg7 37. Be5 Rxe7 38. Bxf6+ Kxf6 39. Rxe7 Qf5
40. Rxa7 Rc2 41. Qe3 g5 42. Ra6+ Kg7 43. Rc6 Rf2 44. Rc5 Qf4+ 45. Qxf4 gxf4 46.
h4 Kf6 47. Kh3 Rb2 48. h5 Ke6 49. h6 Kd6 50. Rc6+ Ke5 51. b6 Kf5 52. Kh4 f6 53.
Kh3 Kg5 54. Rd6 Kxh6 55. Rxf6+ Kg5 56. Rd6 h5 57. Re6 Kf5 58. Rc6 Kg5 1/2-1/2

[Event "Festival A"]
[Site "Desenzano del Garda ITA"]
[Date "2009.06.11"]
[Round "6"]
[White "Genocchio, Daniele"]
[Black "Bolico, Exfelicos"]
[Result "1-0"]
[WhiteElo "2445"]
[BlackElo "2194"]
[PlyCount "79"]
[EventDate "2009.06.06"]

1. d4 Nf6 2. c4 g6 3. Nc3 Bg7 4. e4 d6 5. Be2 O-O 6. Nf3 e5 7. d5 h6 8. h3 Ne8
9. O-O f5 10. Ne1 f4 11. Bg4 h5 12. Bxc8 Qxc8 13. Bd2 Nd7 14. Rc1 Rf7 15. b4
Bf8 16. Qe2 Rg7 17. Nd3 g5 18. g4 hxg4 19. hxg4 f3 20. Qxf3 Ndf6 21. Nd1 Nxg4
22. Qg2 Nef6 23. f3 Nh6 24. Qh1 Rg6 25. Ne3 g4 26. Kf2 Qe8 27. Rg1 Qf7 28. Ke2
Bg7 29. fxg4 Nfxg4 30. Rcf1 Nf6 31. Nf5 Rxg1 32. Nxh6+ Bxh6 33. Qxg1+ Bg7 34.
Rf5 Kf8 35. Bg5 a5 36. b5 Ke7 37. Kd2 Rh8 38. Bxf6+ Bxf6 39. Qa7 Qg7 40. Qxb7
1-0

[Event "Festival A"]
[Site "Desenzano del Garda ITA"]
[Date "2009.06.11"]
[Round "6"]
[White "Ghidinelli, Giorgio"]
[Black "Vezzani, Stefano"]
[Result "0-1"]
[WhiteElo "1843"]
[BlackElo "2176"]
[PlyCount "78"]
[EventDate "2009.06.06"]

1. d4 Nf6 2. Nf3 g6 3. g3 Bg7 4. Bg2 O-O 5. O-O d6 6. Re1 Na6 7. Nbd2 Nd7 8.
Nf1 e5 9. dxe5 dxe5 10. c3 Qe7 11. e4 Nb6 12. Bg5 f6 13. Bc1 Be6 14. b3 Rfd8
15. Qe2 Qf7 16. Be3 Bf8 17. Red1 Nc5 18. Ne1 a5 19. Nd3 Ncd7 20. f3 Be7 21. Qf2
Qf8 22. g4 Ra6 23. Ng3 a4 24. b4 a3 25. Bf1 Raa8 26. h3 Na4 27. Qc2 Ndb6 28.
Nc5 Nxc5 29. Rxd8 Rxd8 30. bxc5 Bxc5 31. Qf2 Na4 32. Bb5 Bxe3 33. Qxe3 Qc5 34.
Qxc5 Nxc5 35. Nf1 c6 36. Be2 Na4 37. Bd1 Nxc3 38. Bb3 Bxb3 39. axb3 a2 0-1

[Event "Festival A"]
[Site "Desenzano del Garda ITA"]
[Date "2009.06.11"]
[Round "6"]
[White "Ignacz, Rozsa"]
[Black "Stella, Luca"]
[Result "0-1"]
[WhiteElo "2099"]
[BlackElo "1942"]
[PlyCount "54"]
[EventDate "2009.06.06"]

1. d4 Nf6 2. c4 g6 3. Nc3 Bg7 4. Bg5 O-O 5. e3 d6 6. Nf3 Nbd7 7. Be2 c6 8. Qc2
Qc7 9. O-O e5 10. Rad1 Re8 11. dxe5 dxe5 12. b4 Nf8 13. Bxf6 Bxf6 14. Ne4 Be7
15. c5 Bf5 16. Qc4 Rad8 17. Nfg5 Ne6 18. Nf3 Ng7 19. Neg5 Bf6 20. Qh4 h5 21. e4
Bg4 22. Bc4 Rf8 23. Qg3 Bxg5 24. Rxd8 Bxd8 25. Qxe5 Ne6 26. Bxe6 Bxe6 27. Re1
h4 0-1

[Event "Festival A"]
[Site "Desenzano del Garda ITA"]
[Date "2009.06.11"]
[Round "6"]
[White "Korneev, Oleg"]
[Black "Bentivegna, Francesco"]
[Result "1-0"]
[WhiteElo "2587"]
[BlackElo "2326"]
[PlyCount "21"]
[EventDate "2009.06.06"]

1. e4 c5 2. Nf3 Nc6 3. d4 cxd4 4. Nxd4 e5 5. Nb5 d6 6. N1c3 a6 7. Na3 b5 8. Nd5
Nge7 9. c4 Nd4 10. Be3 Nxd5 11. cxd5 {...} 1-0

[Event "Festival A"]
[Site "Desenzano del Garda ITA"]
[Date "2009.06.11"]
[Round "6"]
[White "Majeric, Zoran"]
[Black "Efimov, Igor"]
[Result "0-1"]
[WhiteElo "2281"]
[BlackElo "2439"]
[PlyCount "90"]
[EventDate "2009.06.06"]

1. Nf3 c5 2. e4 e6 3. d4 cxd4 4. Nxd4 a6 5. Nc3 b5 6. g3 Bb7 7. Bg2 Nf6 8. Qe2
Qb6 9. Nb3 b4 10. Be3 Qc6 11. Nd4 Qc7 12. Bf4 d6 13. Nd5 exd5 14. Nf5 Qc4 15.
Qxc4 dxc4 16. O-O-O Nc6 17. Bxd6 O-O-O 18. e5 Ne8 19. Bh3 Nxd6 20. Nxd6+ Kc7
21. Nxf7 Rxd1+ 22. Rxd1 Rg8 23. Be6 Bc5 24. Rd7+ Kb6 25. Bxc4 Bc8 26. Rd2 Re8
27. c3 bxc3 28. bxc3 Nxe5 29. Re2 Nxc4 30. Rxe8 Bf5 31. Ne5 Nd6 32. Re7 Ba3+
33. Kd1 Kc5 34. f3 Nb5 35. Kd2 Bb2 36. Nd3+ Kd6 37. Nxb2 Kxe7 38. a4 Na3 39.
Ke3 Kd6 40. Kd4 Nc2+ 41. Kc4 h5 42. Nd1 Bd7 43. Kb3 Ne1 44. f4 Nf3 45. h4 Kc6
0-1

[Event "Festival A"]
[Site "Desenzano del Garda ITA"]
[Date "2009.06.11"]
[Round "6"]
[White "Malaniuk, Vladimir P."]
[Black "Khairullin, Ildar"]
[Result "1/2-1/2"]
[WhiteElo "2523"]
[BlackElo "2606"]
[PlyCount "32"]
[EventDate "2009.06.06"]

1. d4 Nf6 2. Nf3 e6 3. c4 b6 4. Nc3 Bb4 5. Qb3 c5 6. Bg5 h6 7. Bh4 g5 8. Bg3
Ne4 9. e3 cxd4 10. exd4 Nc6 11. Qc2 Bxc3+ 12. bxc3 Nxg3 13. hxg3 Ba6 14. Rh5
Qf6 15. Bd3 Rc8 16. Nd2 d5 1/2-1/2

[Event "Festival A"]
[Site "Desenzano del Garda ITA"]
[Date "2009.06.11"]
[Round "6"]
[White "Matseyko, Katerina"]
[Black "De Paoli, Emilio"]
[Result "1-0"]
[WhiteElo "2241"]
[BlackElo "1967"]
[PlyCount "69"]
[EventDate "2009.06.06"]

1. Nf3 Nf6 2. b3 g6 3. Bb2 d5 4. e3 Bg7 5. Be2 O-O 6. O-O b6 7. c4 Bb7 8. cxd5
Nxd5 9. Bxg7 Kxg7 10. Qc2 Nf6 11. Nc3 Na6 12. a3 Nc5 13. d3 a5 14. Rfd1 Qd7 15.
d4 Nce4 16. Ne5 Qc8 17. Rac1 Ng5 18. Nb5 Be4 19. Qxc7 Qf5 20. Qc3 h5 21. f3
Rac8 22. Qd2 Bb7 23. e4 Bxe4 24. fxe4 Ngxe4 25. Qe1 Ng4 26. Nxg4 hxg4 27. Bd3
Rxc1 28. Rxc1 g3 29. Qxe4 Qf2+ 30. Kh1 Rh8 31. Qe5+ f6 32. Qxe7+ Kh6 33. Nd6
Rh7 34. Nf7+ Kh5 35. Be2+ 1-0

[Event "Festival A"]
[Site "Desenzano del Garda ITA"]
[Date "2009.06.11"]
[Round "6"]
[White "Mettifogo, Claudio Francesco"]
[Black "Marino, Francesco V."]
[Result "0-1"]
[WhiteElo "1440"]
[BlackElo "1843"]
[PlyCount "32"]
[EventDate "2009.06.06"]

1. e4 c5 2. Nf3 Nc6 3. d4 cxd4 4. Nxd4 Nf6 5. Nc3 e5 6. Nb3 Bb4 7. Bd3 d5 8.
O-O Bxc3 9. bxc3 dxe4 10. Bb5 O-O 11. Bg5 h6 12. Qxd8 Rxd8 13. Bxf6 gxf6 14.
Rfe1 f5 15. Bxc6 bxc6 16. Na5 16... Rd6 {...} 0-1

[Event "Festival A"]
[Site "Desenzano del Garda ITA"]
[Date "2009.06.11"]
[Round "6"]
[White "Naumkin, Igor"]
[Black "Brodsky, Michail"]
[Result "1/2-1/2"]
[WhiteElo "2488"]
[BlackElo "2524"]
[PlyCount "62"]
[EventDate "2009.06.06"]

1. d4 Nf6 2. c4 e6 3. Nf3 c5 4. d5 d6 5. Nc3 exd5 6. cxd5 g6 7. e4 a6 8. a4 Bg4
9. Be2 Bxf3 10. Bxf3 Bg7 11. O-O O-O 12. Bf4 Qe7 13. Qd2 Nbd7 14. Rae1 Rab8 15.
Be2 Rfc8 16. b3 h5 17. h3 Ne8 18. Kh1 Nc7 19. a5 b5 20. axb6 Rxb6 21. Bc4 Nb5
22. Na4 Rbb8 23. Bg5 Bf6 24. Bxf6 Nxf6 25. e5 dxe5 26. Qg5 Re8 27. f4 Nd7 28.
Qxe7 Rxe7 29. fxe5 Rxe5 30. Rxe5 Nxe5 31. Nxc5 Rc8 1/2-1/2

[Event "Festival A"]
[Site "Desenzano del Garda ITA"]
[Date "2009.06.11"]
[Round "6"]
[White "Oppici, Gabriele"]
[Black "Codenotti, Marco"]
[Result "0-1"]
[WhiteElo "2048"]
[BlackElo "2035"]
[PlyCount "70"]
[EventDate "2009.06.06"]

1. Nc3 c5 2. Nf3 Nf6 3. d4 d5 4. e3 Nc6 5. Be2 Bf5 6. O-O e6 7. h3 h6 8. dxc5
Bxc5 9. Bd3 Ne4 10. Na4 Bd6 11. b3 a6 12. Nd4 Nxd4 13. exd4 Qh4 14. Bxe4 dxe4
15. f4 g5 16. d5 Bxh3 17. dxe6 Bxg2 18. exf7+ Ke7 19. Kxg2 gxf4 20. Qxd6+ Kxd6
21. Bxf4+ Ke7 22. Rf2 Raf8 23. Re1 Qg4+ 24. Kh2 Qh5+ 25. Kg1 Rxf7 26. Rxe4+ Kf8
27. Rg2 Qd5 28. Nc3 Qc5+ 29. Kh2 Rf5 30. Na4 Rh5+ 31. Kg3 Qc6 32. Rge2 Rg8+ 33.
Kf2 Rf5 34. Ke1 Rg1+ 35. Kf2 Rg4 0-1

[Event "Festival A"]
[Site "Desenzano del Garda ITA"]
[Date "2009.06.11"]
[Round "6"]
[White "Piscopo, Pierluigi"]
[Black "Facchetti, Gianni"]
[Result "1-0"]
[WhiteElo "2405"]
[BlackElo "2174"]
[PlyCount "107"]
[EventDate "2009.06.06"]

1. e4 e5 2. Nf3 Nc6 3. d4 exd4 4. Nxd4 Bb4+ 5. c3 Be7 6. Nf5 Bf6 7. Ne3 d6 8.
Nd5 Nce7 9. Nxf6+ Nxf6 10. Bd3 Ng6 11. O-O O-O 12. Re1 Re8 13. c4 Nd7 14. Nc3
Nc5 15. Bf1 a5 16. f3 Bd7 17. Be3 b6 18. Qd2 Bc6 19. b3 Qd7 20. Nd5 Ne7 21. Qc2
Ng6 22. Bd4 Bxd5 23. exd5 Rxe1 24. Rxe1 Re8 25. Rd1 Re7 26. Qc3 f6 27. a3 Ne5
28. b4 Nb7 29. Qc2 Qe8 30. Bf2 Qg6 31. Qxg6 hxg6 32. Be1 axb4 33. axb4 Nd7 34.
Kf2 b5 35. cxb5 Nb6 36. Bd3 Kh7 37. Bc2 Nd8 38. h4 Re5 39. Bb3 Nf7 40. Bc3 Re7
41. Bc2 f5 42. g4 fxg4 43. h5 Nh6 44. hxg6+ Kg8 45. Bd4 Nc4 46. Ra1 Re8 47. Ra7
Rc8 48. fxg4 Nxg4+ 49. Kg3 Nh6 50. Bd3 Ne5 51. Bxe5 dxe5 52. d6 cxd6 53. b6 e4
54. b7 1-0

[Event "Festival A"]
[Site "Desenzano del Garda ITA"]
[Date "2009.06.11"]
[Round "6"]
[White "Rasmussen, Allan Stig"]
[Black "Doluhanova, Evgeniya"]
[Result "1-0"]
[WhiteElo "2501"]
[BlackElo "2240"]
[PlyCount "55"]
[EventDate "2009.06.06"]

1. d4 d5 2. c4 c6 3. Nf3 Nf6 4. e3 e6 5. b3 Nbd7 6. Bb2 b6 7. Bd3 Bd6 8. O-O
O-O 9. Nbd2 Bb7 10. Ne5 Qe7 11. Qf3 Ne8 12. e4 Bb4 13. Nxd7 Qxd7 14. Rad1 f5
15. exf5 exf5 16. Qh3 Bxd2 17. Rxd2 Nd6 18. Ba3 g6 19. c5 bxc5 20. dxc5 Nf7 21.
Bb2 Rfe8 22. Qh4 Qe7 23. Qd4 Qe5 24. Qb4 Qc7 25. f4 Re6 26. Qd4 Kf8 27. Qg7+
Ke8 28. Be5 1-0

[Event "Festival A"]
[Site "Desenzano del Garda ITA"]
[Date "2009.06.11"]
[Round "6"]
[White "Romanishin, Oleg M."]
[Black "Valsecchi, Alessio"]
[Result "1-0"]
[WhiteElo "2501"]
[BlackElo "2363"]
[PlyCount "121"]
[EventDate "2009.06.06"]

1. d4 Nf6 2. Nf3 g6 3. g3 Bg7 4. Bg2 d5 5. O-O O-O 6. Bf4 c6 7. Qc1 Bf5 8. c4
dxc4 9. Qxc4 Nbd7 10. Nc3 a5 11. Qb3 Nb6 12. Be5 Be6 13. Qc2 Nc4 14. Bxf6 Bxf6
15. Ne4 Qb6 16. Nc5 Nd6 17. Nxe6 fxe6 18. e3 a4 19. Bh3 Ra5 20. Bxe6+ Kh8 21.
Bh3 c5 22. Ne5 Rd8 23. Nd7 Rxd7 24. Bxd7 cxd4 25. exd4 Qxd4 26. Rad1 Qxb2 27.
Bxa4 Qxc2 28. Bxc2 Rxa2 29. Bb3 Ra3 30. Bd5 b6 31. Rfe1 Nb5 32. Bc4 Nd4 33. Re4
Nf5 34. Re6 Rc3 35. Bf1 Rc2 36. Bd3 Rb2 37. Bxf5 gxf5 38. Rd5 b5 39. Rxf5 b4
40. Rfxf6 exf6 41. Rxf6 b3 42. Rb6 Rb1+ 43. Kg2 Kg8 44. Rb7 b2 45. h4 Kf8 46.
Kf3 Ke8 47. Kg4 Kd8 48. Kh5 Kc8 49. Rb3 Kc7 50. Kh6 Kc6 51. Kxh7 Kc5 52. h5 Kc4
53. Rb8 Kc3 54. h6 Ra1 55. g4 Ra7+ 56. Kg6 Ra6+ 57. Kh5 Ra8 58. Rxb2 Kxb2 59.
g5 Rf8 60. h7 Kb1 61. f4 1-0

[Event "Festival A"]
[Site "Desenzano del Garda ITA"]
[Date "2009.06.11"]
[Round "6"]
[White "Rombaldoni, Axel"]
[Black "Abasov, Nijat Azad Oglu"]
[Result "1-0"]
[WhiteElo "2363"]
[BlackElo "2486"]
[PlyCount "103"]
[EventDate "2009.06.06"]

1. e4 c5 2. Nf3 d6 3. d4 Nf6 4. Bb5+ Nbd7 5. dxc5 Nxe4 6. c6 Qa5+ 7. Nbd2 bxc6
8. Bxc6 Nxf2 9. Bxd7+ Bxd7 10. Kxf2 Qc5+ 11. Ke1 g6 12. Nb3 Qf5 13. Qd3 Qg4 14.
Kf2 Bg7 15. h3 Qh5 16. g4 Bxg4 17. hxg4 Qxh1 18. Qb5+ Kf8 19. Bg5 Qh3 20. Bxe7+
Kg8 21. Qc6 Rb8 22. Bxd6 Rd8 23. Be7 Rb8 24. Qc7 Re8 25. Qd7 Ra8 26. Qc6 Rb8
27. Bd6 Rd8 28. Re1 h6 29. Re8+ Kh7 30. Rxh8+ Rxh8 31. Qd7 Rg8 32. c4 Bxb2 33.
c5 Qh1 34. c6 Qb1 35. c7 Qxa2 36. Qxf7+ Rg7 37. Qd5 Bd4+ 38. Ke1 Qb1+ 39. Ke2
Qc2+ 40. Nbd2 Bf6 41. Qe6 Qxc7 42. Bxc7 Re7 43. Qe4 Rxe4+ 44. Nxe4 Be7 45. Kd3
Kg7 46. Kc4 Kf7 47. Kd5 a6 48. Ne5+ Kg7 49. Ke6 Bb4 50. Nd7 a5 51. Be5+ Kg8 52.
Kf6 1-0

[Event "Festival A"]
[Site "Desenzano del Garda ITA"]
[Date "2009.06.11"]
[Round "6"]
[White "Rombaldoni, Denis"]
[Black "Dvirnyy, Danyyil"]
[Result "1/2-1/2"]
[WhiteElo "2442"]
[BlackElo "2459"]
[PlyCount "167"]
[EventDate "2009.06.06"]

1. d4 Nf6 2. c4 g6 3. Nc3 Bg7 4. e4 O-O 5. Bd3 d6 6. Nge2 c5 7. d5 e6 8. O-O
exd5 9. cxd5 a6 10. a4 Nbd7 11. h3 Re8 12. Ng3 Rb8 13. Qc2 Qc7 14. a5 h5 15.
Re1 b5 16. axb6 Nxb6 17. Bf4 c4 18. Be2 Nbd7 19. Ra2 Ne5 20. Bxe5 Rxe5 21. Ra4
Re8 22. Rxc4 Qa5 23. Rb1 Rb4 24. Nf1 Nd7 25. Nd2 Nc5 26. Na2 Rxc4 27. Bxc4 Bh6
28. Nb3 Qa4 29. f3 f5 30. Qc3 Bg7 31. Nxc5 dxc5 32. Qd3 fxe4 33. fxe4 Qd7 34.
Rf1 Qd6 35. Nc3 Bf6 36. e5 Bxe5 37. Ne4 Bf5 38. Rxf5 Bh2+ 39. Kh1 Rxe4 40. Qxe4
gxf5 41. Qxf5 Bg3 42. Qxh5 Qf4 43. Qf3 Qc1+ 44. Qf1 Qxf1+ 45. Bxf1 a5 46. Kg1
Kg7 47. Bb5 Kf6 48. Kf1 Ke5 49. Bc6 c4 50. Ke2 a4 51. Kd2 Kd4 52. Kc2 Kc5 53.
Kb1 Kb4 54. Ka2 Ka5 55. Kb1 Kb4 56. Kc2 Kc5 57. Bxa4 Kxd5 58. Be8 Kc5 59. Bf7
Kb4 60. Kd2 Be5 61. Kc2 Bg3 62. Bg8 Kc5 63. Kb1 Kb4 64. Be6 Kc5 65. Bf5 Kb4 66.
Ka2 Kb5 67. Bg4 Kb4 68. Bd1 Kb5 69. Be2 Kb4 70. Bd1 Kb5 71. Bc2 Kb4 72. Bf5 Kb5
73. Kb1 Kb4 74. Kc2 Kc5 75. Be4 Kd4 76. Bh7 Kc5 77. Bf5 Kb4 78. Kd2 Be5 79. g4
Bxb2 80. g5 Kc5 81. h4 Kd6 82. g6 Ke7 83. h5 Bg7 84. Ke3 1/2-1/2

[Event "Festival A"]
[Site "Desenzano del Garda ITA"]
[Date "2009.06.11"]
[Round "6"]
[White "Rota, Simone"]
[Black "Bertani, Gianfranco"]
[Result "1-0"]
[WhiteElo "1997"]
[BlackElo "2102"]
[PlyCount "139"]
[EventDate "2009.06.06"]

1. d4 f5 2. g3 Nf6 3. Bg2 e6 4. Nf3 Be7 5. O-O O-O 6. b3 c6 7. Bb2 Ne4 8. Nbd2
d5 9. Ne5 Nd7 10. Ndf3 g5 11. Nxd7 Bxd7 12. Ne5 Qe8 13. f3 Nd6 14. Qd3 Rd8 15.
e4 Bc8 16. exf5 exf5 17. Rae1 Bf6 18. Ba3 Qh5 19. Bc5 g4 20. Bxa7 Bg7 21. Bb6
Rde8 22. Bc5 Re6 23. Bxd6 Rxd6 24. f4 Rfd8 25. Kf2 Bf8 26. Rh1 Qh6 27. h3 Qg7
28. hxg4 fxg4 29. Rh5 h6 30. Reh1 Rf6 31. Bf1 Bd6 32. Be2 Rdf8 33. Qd1 c5 34.
c3 cxd4 35. cxd4 b6 36. Kg2 Bf5 37. Bd3 Be4+ 38. Bxe4 dxe4 39. Qxg4 Bxe5 40.
Qxg7+ Kxg7 41. Rxe5 Rc8 42. Rxe4 Rc2+ 43. Kf3 Rxa2 44. Rd1 h5 45. d5 Rd6 46.
Re7+ Kf6 47. Rh7 Kg6 48. Rc7 Ra5 49. Ke4 Kf6 50. Rc8 Rb5 51. Rc3 Ra5 52. Rcd3
Ra8 53. Rh1 Re8+ 54. Kd4 Rh8 55. Re3 h4 56. Re5 h3 57. g4 h2 58. Rh5 Rg8 59.
R1xh2 Rxg4 60. Rh6+ Rg6 61. Rxg6+ Kxg6 62. Ke5 Rd8 63. f5+ Kg7 64. Rg2+ Kf7 65.
Rg6 b5 66. Rb6 Re8+ 67. Kf4 Re1 68. Rxb5 Kf6 69. Rb6+ Kf7 70. b4 1-0

[Event "Festival A"]
[Site "Desenzano del Garda ITA"]
[Date "2009.06.11"]
[Round "6"]
[White "Rozzi, Enzo"]
[Black "Chiodini, Pietro"]
[Result "1/2-1/2"]
[WhiteElo "1499"]
[BlackElo "1816"]
[PlyCount "52"]
[EventDate "2009.06.06"]

1. e4 Nc6 2. Nf3 Nf6 3. Nc3 e5 4. d3 Bc5 5. Be2 h6 6. O-O d6 7. Na4 Be6 8. Nxc5
dxc5 9. b3 Qd6 10. Bb2 O-O-O 11. Qe1 Nd4 12. Nxd4 cxd4 13. Qa5 Kb8 14. Ba3 Qc6
15. Rac1 h5 16. Qxe5 Ng4 17. Qc5 Qa6 18. Qb4 Bc8 19. h3 Qh6 20. Qe1 Qf4 21. g3
Qf6 22. f4 Ne3 23. Kh2 Nxf1+ 24. Qxf1 g5 25. fxg5 Qxg5 26. Qf2 Qe5 1/2-1/2

[Event "Festival A"]
[Site "Desenzano del Garda ITA"]
[Date "2009.06.11"]
[Round "6"]
[White "Salvador, Roland"]
[Black "Grabarczyk, Miroslaw"]
[Result "0-1"]
[WhiteElo "2445"]
[BlackElo "2469"]
[PlyCount "78"]
[EventDate "2009.06.06"]

1. d4 d5 2. Nf3 Nf6 3. c4 e6 4. g3 Bb4+ 5. Bd2 Be7 6. Bg2 O-O 7. O-O c6 8. Qc2
Nbd7 9. Bf4 b6 10. Nbd2 Nh5 11. Be3 Bb7 12. Rad1 Nhf6 13. Bg5 h6 14. Bxf6 Nxf6
15. e4 Rc8 16. Rfe1 Qc7 17. c5 a5 18. a3 bxc5 19. dxc5 a4 20. e5 Nd7 21. b4
axb3 22. Nxb3 Ra8 23. h4 Rxa3 24. g4 Ra4 25. g5 hxg5 26. hxg5 Rc4 27. Qb1 Nxc5
28. Nxc5 Bxc5 29. Bh3 g6 30. Rc1 Ba6 31. Rxc4 Bxc4 32. Nh4 Qb6 33. Qc2 Qb3 34.
Qxb3 Bxb3 35. Rc1 Be7 36. Rxc6 Bxg5 37. Ng2 d4 38. Ne1 Bd5 39. Ra6 Rb8 0-1

[Event "Festival A"]
[Site "Desenzano del Garda ITA"]
[Date "2009.06.11"]
[Round "6"]
[White "Sulava, Nenad"]
[Black "Stella, Andrea"]
[Result "1-0"]
[WhiteElo "2521"]
[BlackElo "2276"]
[PlyCount "32"]
[EventDate "2009.06.06"]

1. d4 Nf6 2. Nf3 e6 3. g3 b6 4. Bg2 Bb7 5. c4 Be7 6. O-O O-O 7. Re1 Na6 8. Ne5
Bxg2 9. Kxg2 Qc8 10. e4 Qb7 11. d5 exd5 12. exd5 Rfe8 13. Nc3 Rad8 14. Bf4 Nb8
15. Qf3 d6 16. Nd3 16... c6 {...} 1-0

[Event "Festival A"]
[Site "Desenzano del Garda ITA"]
[Date "2009.06.11"]
[Round "6"]
[White "Sveshnikov, Evgeny E."]
[Black "Bruno, Fabio"]
[Result "1/2-1/2"]
[WhiteElo "2554"]
[BlackElo "2441"]
[PlyCount "82"]
[EventDate "2009.06.06"]

1. e4 c5 2. f4 d5 3. exd5 Nf6 4. Bb5+ Nbd7 5. c4 a6 6. Bxd7+ Bxd7 7. Nf3 e6 8.
dxe6 Bxe6 9. d3 Bd6 10. O-O O-O 11. Nc3 Qc7 12. Ng5 Bg4 13. Qc2 Bd7 14. Nge4
Be7 15. Be3 b6 16. Nxf6+ Bxf6 17. Ne4 Be7 18. f5 f6 19. Bf4 Qb7 20. Bg3 Rad8
21. Rae1 Bc6 22. Re3 Rd7 23. Rf4 Rfd8 24. Rg4 Rd4 25. Qe2 Qd7 26. Nf2 Bf8 27.
Re6 Rxg4 28. Qxg4 Qb7 29. Bh4 Rd4 30. Ne4 Bxe4 31. dxe4 h5 32. Qe2 Qd7 33. Be1
b5 34. e5 fxe5 35. Rxe5 Rxc4 36. Bc3 Rf4 37. f6 Rxf6 38. Rxh5 Rf5 39. Rh4 Rd5
40. Qe4 Qf5 41. Qxf5 Rxf5 1/2-1/2

[Event "Festival A"]
[Site "Desenzano del Garda ITA"]
[Date "2009.06.11"]
[Round "6"]
[White "Vocaturo, Daniele"]
[Black "Tocchioni, Doriano"]
[Result "1-0"]
[WhiteElo "2480"]
[BlackElo "2321"]
[PlyCount "51"]
[EventDate "2009.06.06"]

1. e4 c6 2. c4 d5 3. exd5 cxd5 4. cxd5 Nf6 5. Nc3 Nxd5 6. Nf3 a6 7. d4 Nc6 8.
Bc4 e6 9. O-O Be7 10. Re1 O-O 11. Qe2 b5 12. Bd3 f5 13. a4 b4 14. Nxd5 exd5 15.
Bf4 Bf6 16. Be5 Qb6 17. Rac1 Nxe5 18. dxe5 Be7 19. Qc2 b3 20. Qc7 Bd8 21. Qc3
Bb7 22. Nd2 Qa5 23. Nxb3 Qxa4 24. Nc5 Qc6 25. Qb3 Rb8 26. Nxa6 1-0

[Event "Festival A"]
[Site "Desenzano del Garda ITA"]
[Date "2009.06.11"]
[Round "6"]
[White "Vuelban, Virgilio"]
[Black "Ranfagni, Stefano"]
[Result "1/2-1/2"]
[WhiteElo "2422"]
[BlackElo "2052"]
[PlyCount "82"]
[EventDate "2009.06.06"]

1. e4 e6 2. d4 d5 3. Nc3 dxe4 4. Nxe4 Nd7 5. Nf3 Ngf6 6. Bd3 Nxe4 7. Bxe4 Nf6
8. Bg5 Be7 9. Bxf6 Bxf6 10. Qd3 h6 11. Bxb7 Bxb7 12. Qb5+ Qd7 13. Qxb7 O-O 14.
O-O a5 15. Qe4 Rab8 16. Rab1 Qa4 17. b3 Qb4 18. c4 a4 19. h3 Qa3 20. Qc6 axb3
21. axb3 Rxb3 22. Rxb3 Qxb3 23. Qxc7 Qd3 24. c5 Bxd4 25. Qd6 e5 26. Nxe5 Qc3
27. Nd7 Rc8 28. c6 Rxc6 29. Qf8+ Kh7 30. Qxf7 Qc4 31. Nf8+ Kh8 32. Ng6+ Kh7 33.
Qxc4 Rxc4 34. Nf4 Bb2 35. Nd3 Bf6 36. g3 Ra4 37. Kg2 Ra1 38. f4 Rxf1 39. Kxf1
Kg6 40. Kg2 h5 41. Kf3 Kf5 1/2-1/2

[Event "Festival A"]
[Site "Desenzano del Garda ITA"]
[Date "2009.06.11"]
[Round "6"]
[White "Yakovich, Yuri"]
[Black "Lenic, Luka"]
[Result "1/2-1/2"]
[WhiteElo "2569"]
[BlackElo "2574"]
[PlyCount "90"]
[EventDate "2009.06.06"]

1. d4 Nf6 2. c4 e6 3. Nc3 Bb4 4. Qc2 O-O 5. a3 Bxc3+ 6. Qxc3 b6 7. Bg5 Ba6 8.
e3 d6 9. Nf3 Nbd7 10. b4 Bb7 11. Bd3 c5 12. O-O h6 13. Bh4 Rc8 14. Nd2 Re8 15.
dxc5 dxc5 16. Rfd1 Qe7 17. Qb2 Red8 18. Be2 Nf8 19. Rac1 Bc6 20. b5 Bb7 21. a4
Rd7 22. a5 Rcd8 23. a6 Ba8 24. f3 Ng6 25. Bf2 e5 26. Nf1 Qe6 27. Qc2 Ne8 28. e4
Nf4 29. Ne3 Qg6 30. Bg3 Qg5 31. Rxd7 Rxd7 32. Rd1 Nh3+ 33. gxh3 Qxe3+ 34. Kf1
Nf6 35. Rxd7 Nxd7 36. Qd1 Qd4 37. Bf2 Qxd1+ 38. Bxd1 Nf8 39. Kg2 Ne6 40. h4
Nf4+ 41. Kg3 g6 42. Be3 Nh5+ 43. Kf2 Kg7 44. Be2 f5 45. Bd3 fxe4 1/2-1/2

[Event "Festival A"]
[Site "Desenzano del Garda ITA"]
[Date "2009.06.12"]
[Round "7"]
[White "Brodsky, Michail"]
[Black "Genocchio, Daniele"]
[Result "0-1"]
[WhiteElo "2524"]
[BlackElo "2445"]
[PlyCount "52"]
[EventDate "2009.06.06"]

1. d4 Nf6 2. c4 e6 3. g3 c5 4. Nf3 cxd4 5. Nxd4 d5 6. Bg2 e5 7. Nf3 d4 8. O-O
Nc6 9. e3 Be7 10. exd4 exd4 11. Qb3 O-O 12. Bg5 h6 13. Bxf6 Bxf6 14. Nbd2 Rb8
15. Ne4 Be6 16. Qa4 Be7 17. Rfd1 Bf5 18. Ne1 Re8 19. Nd3 a6 20. Rac1 Bf8 21.
Nec5 Bxc5 22. Nxc5 Re2 23. Qb3 Qf6 24. Bf3 d3 25. Bxc6 Qxc6 26. Nxd3 Qf3 0-1